Functional data analysis

Guardat en:
Dades bibliogràfiques
Autors principals: Ramsay, J. O (Autor), Silverman, B. W (Autor)
Format: Llibre
Idioma:anglès
Publicat: Nueva York Spinger 2005
Edició:2a. ed
Col·lecció:Springer Series in Statistics
Matèries:
Etiquetes: Afegir etiqueta
Sense etiquetes, Sigues el primer a etiquetar aquest registre!

MARC

LEADER 00000cam a2200000 a 4500
001 UCE5186
003 CL-VaPUC
008 141211e20050000us |||||||||||||||||eng|d
020 |a 9780387400808 
082 0 4 |a 519.535  |b RAM  |2 21 
100 0 |a Ramsay, J. O  |e author  |9 577671 
700 0 |a Silverman, B. W  |e author  |9 577672 
245 1 0 |a Functional data analysis 
250 |a 2a. ed 
300 |a 426 p 
942 |c BK 
945 |d 20141211 14:14:00  |a dcastane 
260 |a Nueva York  |b Spinger  |c 2005 
650 0 |a Análisis multivariable  |9 346260 
650 0 |a Proceso de datos   |9 259776 
650 0 |a Análisis de datos  |9 269871 
583 |a last modification  |c 20141211 14:14:00  |k Rodrigo Vera 
490 0 |a Springer Series in Statistics 
999 |c 357948  |d 357946 
952 |0 0  |1 0  |3 erd  |4 0  |6 519_535000000000000_RAM_2005  |7 0  |8 A  |9 466135  |a BIBGIM  |b BIBGIM  |i 5129605  |o 519.535 RAM 2005  |p 5129605  |r 2025-01-15  |w 2019-11-23  |y BK  |z Catalogado en:20141211  |k EST